Geschichte der Holzschneidekunst von den altesten bis auf die neusten Zeiten, nebst zwei Beilagen, enhaltend den Ursprung der Spielkarten und ein Verzeichniss der sammtlichen xylographischen Werke (Record no. 2316)

MARC details
000 -CABECERA
campo de control de longitud fija 00757nam a2200205 a 4500
001 - NÚMERO DE CONTROL
campo de control BRCA_2576
005 - FECHA Y HORA DE LA ÚLTIMA TRANSACCIÓN
campo de control 20190320203855.0
008 - DATOS DE LONGITUD FIJA--INFORMACIÓN GENERAL
campo de control de longitud fija 271108s1823----gw-a---###---#000-0#ger-u
050 #4 - SIGNATURA TOPOGRÁFICA DE LA BIBLIOTECA DEL CONGRESO
Número de clasificación NE1030
Número de documento/Ítem .H45 1823
100 1# - ENTRADA PRINCIPAL--NOMBRE DE PERSONA
Nombre de persona Heller, Joseph
9 (RLIN) 7360
245 10 - MENCIÓN DE TÍTULO
Título Geschichte der Holzschneidekunst von den altesten bis auf die neusten Zeiten, nebst zwei Beilagen, enhaltend den Ursprung der Spielkarten und ein Verzeichniss der sammtlichen xylographischen Werke
Mención de responsabilidad, etc. von Joseph Heller.
260 ## - PUBLICACIÓN, DISTRIBUCIÓN, ETC.
Lugar de publicación, distribución, etc. Bamberg, Alemania
Nombre del editor, distribuidor, etc. C. F. Kunz
Fecha de publicación, distribución, etc. 1823
300 ## - DESCRIPCIÓN FÍSICA
Extensión 457 p.
Otras características físicas il.
Dimensiones 20 cm.
500 ## - NOTA GENERAL
Nota general A44
650 14 - PUNTO DE ACCESO ADICIONAL DE MATERIA--TÉRMINO DE MATERIA
Término de materia o nombre geográfico como elemento de entrada Grabado en madera
Subdivisión de forma Bibliografía
9 (RLIN) 7361
650 14 - PUNTO DE ACCESO ADICIONAL DE MATERIA--TÉRMINO DE MATERIA
Término de materia o nombre geográfico como elemento de entrada Barajas
Subdivisión general Historia
9 (RLIN) 7362
650 14 - PUNTO DE ACCESO ADICIONAL DE MATERIA--TÉRMINO DE MATERIA
Término de materia o nombre geográfico como elemento de entrada Grabado en madera
Subdivisión general Historia
9 (RLIN) 7363
902 ## - CATALOGADOR
Iniciales GFM
942 ## - ELEMENTOS DE PUNTO DE ACCESO ADICIONAL (KOHA)
Fuente del sistema de clasificación o colocación Library of Congress Classification
Tipo de ítem Koha Libros
Holdings
Estado de retiro Estado de pérdida Estado dañado No para préstamo Localización permanente Ubicación/localización actual Fecha de adquisición Número de inventario Total de préstamos Signatura topográfica completa Código de barras Fecha visto por última vez Precio válido a partir de Tipo de ítem Koha
El ejemplar forma parte de la colección y puede ser consultado según las políticas vigentes.       Biblioteca del Museo Franz Mayer (Rogerio Casas-Alatriste) Biblioteca del Museo Franz Mayer (Rogerio Casas-Alatriste) 27/11/2008 A44   NE1030 .H45 1823 (A44) 2573 22/03/2019 22/03/2019 Libros